| 000 | 00424nam a2200133Ia 4500 | ||
|---|---|---|---|
| 008 | 231129s9999||||xx |||||||||||||| ||spa|| | ||
| 020 | _a978-84-8076-766-8 | ||
| 040 | _bspa | ||
| 082 | _a615.535 H263a | ||
| 100 | _aHarding Jennie | ||
| 245 | 0 | _aAceites esenciales: Más de 100 aceites esenciales necesarios para vivir con salud vitalidad y bienestar | |
| 264 | _aBlume | ||
| 942 |
_2ddc _cBKS |
||
| 999 |
_c4478 _d4478 |
||